| 000 | 00941nam a22002657a 4500 | ||
|---|---|---|---|
| 001 | 7588 | ||
| 003 | FISKH | ||
| 005 | 20250725084944.0 | ||
| 008 | 250725b cb ||||| |||| 00| 0 eng d | ||
| 020 | _a9780763630720 | ||
| 040 |
_aFISKH _beng _cFISKH _dFISKH |
||
| 050 | _aPZ7.C2999 D | ||
| 082 | _a813.54 | ||
| 100 | _aCecil, Randy | ||
| 245 |
_aDuck / _cFrom the creator of gator Randy Cecil |
||
| 260 |
_aMassachusetts : _bCandle Wick Press, _c2008. |
||
| 300 |
_a30 pages : _bcolor illustrations ; _c28 cm |
||
| 505 | _aP | ||
| 520 | _aDuck happily raises a duckling that has wandered into the amusement park where she is a carousel animal, but finds that she cannot teach what she herself has always longed to do--fly--and sets out to find real ducks to instruct him. | ||
| 521 | 8 |
_a630
_bLexile AD |
|
| 521 | 8 |
_aP
Lexile _bRaz-Plus |
|
| 650 |
_aDucks _vFiction _xPicture Book |
||
| 942 |
_2ddc _cBK _n0 |
||
| 999 |
_c7588 _d7588 |
||